| 000 | 00368 a2200169 4500 | ||
|---|---|---|---|
| 001 | 44964 | ||
| 020 | _a8526006452 | ||
| 040 | _cAnchieta - Aquarius | ||
| 100 | _aLessa, OrĂgenes | ||
| 240 | 1 | 0 |
_aO menino e a sombra _lpor |
| 245 | 1 | 0 | _aO menino e a sombra |
| 300 | _a24 | ||
| 362 | 0 | _a0 | |
| 440 | 1 | _aGlobal | |
| 650 | 4 | _aLiteratura infanto-juvenil | |
| 942 | _cBK | ||
| 999 |
_c44964 _d44964 |
||